Tutti gli Stati che hanno controllato San Marino - Statistics

Statistiche generali
  • Questo quiz è stato fatto 28 volte
  • Il punteggio medio è 13 su 17
Statistiche sulle risposte
con Immagini Hint Risposta % Corretto
301 - 395 Impero Romano
100%
1944 - Oggi Repubblica di San Marino
96%
395 - 476 Impero Romano d'Occidente
92%
1291 - 1503 Repubblica di San Marino
92%
1503 - 1739 Repubblica di San Marino
92%
1740 - 1944 Repubblica di San Marino
92%
1503 Stato Pontificio
83%
1739 - 1740 Stato Pontificio
83%
539 - 543 Impero Bizantino
79%
553 - 751 Impero Bizantino
79%
1944 Repubblica sociale Italiana
79%
756 - 1291 Stato Pontificio
79%
1944 Alleati (UK, Raj Britannico)
67%
476 - 493 Regno di Odoacre
63%
493 - 539 Regno Ostrogoto
58%
543 - 553 Regno Ostrogoto
58%
751 - 756 Regno Longobardo
54%
Nessun quiz corrispondente trovato
Distribuzione punteggi
Percentuale di utenti per punteggio
Percentile per numero di risposta
I tuoi punteggi nel tempo
Non hai fatto questo quiz